Most Populous Towns and Cities in the Southeast of England - Statistics

General Stats
  • This quiz has been taken 29 times
  • The average score is 13 of 20
Answer Stats
Population First letter Town/City % Correct
277,106 B Brighton and Hove
96%
170,798 O Oxford
92%
223,312 P Portsmouth
92%
249,604 S Southampton
92%
203,808 R Reading
84%
120,550 C Crawley
80%
108,483 G Gillingham
76%
109,490 M Maidstone
68%
197,354 M Milton Keynes
68%
166,877 S Slough
68%
99,189 E Eastbourne
64%
77,854 G Guildford
64%
91,480 H Hastings
64%
82,164 A Ashford
60%
87,967 A Aylesbury
60%
111,621 W Worthing
60%
117,207 B Basingstoke
56%
76,983 C Chatham
52%
83,523 W High Wycombe
40%
78,660 B Bracknell
4%
No matching quizzes found
Score Distribution
Percent of People with Each Score
Percentile by Number Answered
Your Score History
You have not taken this quiz